000 00763nam a2200253 a 4500
001 24698
003 CO-ViMGA
005 20230915232013.0
008 141112s2004 ck r 000 u spa d
020 _a8420762652
035 _aAFQ8583 LA
040 _aCO-ViMGA
_bspa
_cCO-ViMGA
041 _aspa
043 _ae - sp - - - -
082 0 4 _a863.6 V35q
100 1 _aVentura, Enrique.
_936828
245 1 0 _aQué me vas a contar de los marcianos /
_cEnrique Ventura.
260 _aMadrid :
_bGrupo Anaya,
_c1994.
300 _a217 p. ; 22 cm.
490 _aEspacio abierto ; 34
650 1 4 _aNovela española.
_9488
942 _2ddc
_cBK
999 _c32504
_d32504